ইসলামের মৌল কাঠামো ও তার বাস্তবায়ন/ (Record no. 17988)
[ view plain ]
| 000 -LEADER | |
|---|---|
| fixed length control field | 01085nam a22002057a 4500 |
| 003 - CONTROL NUMBER IDENTIFIER | |
| control field | BDDh-ASL |
| 005 - DATE AND TIME OF LATEST TRANSACTION | |
| control field | 20231015025651.0 |
| 008 - FIXED-LENGTH DATA ELEMENTS--GENERAL INFORMATION | |
| fixed length control field | 200916b1983 ||||| |||| 00| 0 d |
| 040 ## - CATALOGING SOURCE | |
| Original cataloging agency | BDDh-ASL |
| Transcribing agency | BDDh-ASL |
| Modifying agency | BDDh-ASL |
| 041 ## - LANGUAGE CODE | |
| Language code of text/sound track or separate title | bengali |
| 082 ## - DEWEY DECIMAL CLASSIFICATION NUMBER | |
| Classification number | 297.1 |
| Item number | YAI |
| 100 ## - MAIN ENTRY--PERSONAL NAME | |
| 9 (RLIN) | 818 |
| Personal name | ইয়াহিয়া, আবুল ফায়েজ মুহাম্মদ |
| 245 1# - TITLE STATEMENT | |
| Title | ইসলামের মৌল কাঠামো ও তার বাস্তবায়ন/ |
| Statement of responsibility, etc. | আবুল ফায়েদ মুহাম্মদ ইয়াহিয়া ও ফরীদ উদ্দীন মাসউদ । |
| 246 ## - VARYING FORM OF TITLE | |
| Title proper/short title | Islamer Maulo Kathamo O Tar Bastobayon. |
| 260 ## - PUBLICATION, DISTRIBUTION, ETC. | |
| Place of publication, distribution, etc. | ঢাকা: |
| Name of publisher, distributor, etc. | ইসলামিক ফাউণ্ডেশন বাংলাদেশ, |
| Date of publication, distribution, etc. | ১৯৮৩। |
| 300 ## - PHYSICAL DESCRIPTION | |
| Extent | ১১১ পৃষ্ঠা: |
| Dimensions | ২১ পৃষ্ঠা। |
| 650 #0 - SUBJECT ADDED ENTRY--TOPICAL TERM | |
| 9 (RLIN) | 749 |
| Topical term or geographic name entry element | ইসলামী সমাজ ব্যবস্থা |
| General subdivision | ইসলাম ধর্ম |
| 700 ## - ADDED ENTRY--PERSONAL NAME | |
| 9 (RLIN) | 819 |
| Personal name | মাসঊদ, ফরীদ উদ্দীন |
| 942 ## - ADDED ENTRY ELEMENTS (KOHA) | |
| Source of classification or shelving scheme | Dewey Decimal Classification |
| Koha item type | Books |
| Withdrawn status | Lost status | Source of classification or shelving scheme | Damaged status | Not for loan | Collection code | Home library | Current library | Shelving location | Date acquired | Source of acquisition | Total Checkouts | Full call number | Barcode | Date last seen | Copy number | Price effective from | Koha item type |
|---|---|---|---|---|---|---|---|---|---|---|---|---|---|---|---|---|---|
| Dewey Decimal Classification | Non-fiction | Asiatic Society Library | Asiatic Society Library | General Stacks | 09/16/2020 | Donated by Professor Husniara Huq | 297.1 YAI | 101130 | 09/16/2020 | C-1 | 09/16/2020 | Books |